000 00653nam a22002057a 4500
005 20251108173334.0
008 250721s2000 xx 000 0 ara d
082 1 4 _aط/ 372.21/رات
100 1 _aراتب، نيفين
245 1 0 _aفي المدرسة /
264 1 _aبيروت :
_bأصالة،
_c[2000].
300 _a[12]ص.
490 0 _aكلمة كلمة : المرحلة الثانية
_v3
650 1 7 _aالتعليم قبل المدرسة
650 1 7 _aتعليم القراءة
653 _aأطفال ما قبل المدرسة (0-5 سنوات)
700 1 _aالسيد، شريف
_eCart.
942 _2ddc
_cBK
999 _c101613
_d101613